000 01199nam a22003377a 4500
003 CHAP
005 20220817043045.0
008 971010s1969 r 10010 d
010 _a64198
011 _a65170
035 _a71432
040 _cCHAP
082 _a631.4063
_bC7r 1969
111 0 0 _aCongreso Nacional de la Ciencia del Suelo (
_n4
_d: 1969
_c: Monterrey, N.L.)
_927068
245 _aResúmenes de ponencias
260 _aMéxico, D. F. :
_bLa Sociedad,
_c1969
300 _ac.a 131 h
590 _aBATCH-UPD
_b10
_c20130109
_lUCH01
_h2321
590 _aBATCH-UPD
_b10
_c20130110
_lUCH01
_h1523
590 _aBATCH-UPD
_b10
_c20130410
_lUCH01
_h0934
590 _aBATCH-UPD
_b10
_c20130914
_lUCH01
_h1032
590 _aCONVERSION
_b10
_c20130109
_lUCH01
_h1335
650 1 4 _aSuelos
_xCongresos.
_9110281
650 1 4 _aSuelos
_xCongresos
_xMéxico.
_9110282
710 0 _aSociedad Mexicana de la Ciencia del Suelo.
901 _aBK
942 _cLIBRO
949 _a631.4063 C7r 1969
_bBC
_cCONG
_d33724000558268
_eCONG
_h26643
_i71432
_si
949 _a631.4063 C7r 1969
_bBC
_cCONG
_d33724000558276
_eCONG
_fc.2
_h27591
_i71432
_si
949 _a631.4063 C7r 1969
_bS
_cLIBRO
_d-4057
_eLIBRO
_h3666
_i71432
_si
999 _c64198
_d64198